<?xml version="1.0" encoding="UTF-8"?>
<record
    xmlns:xsi="http://www.w3.org/2001/XMLSchema-instance"
    xsi:schemaLocation="http://www.loc.gov/MARC21/slim http://www.loc.gov/standards/marcxml/schema/MARC21slim.xsd"
    xmlns="http://www.loc.gov/MARC21/slim">

  <leader>00729nam0a22002171  4500</leader>
  <controlfield tag="001">rc\2365666</controlfield>
  <controlfield tag="005">20260407090821.0</controlfield>
  <datafield tag="035" ind1=" " ind2=" ">
    <subfield code="a">(NLR Aleph) 006479330</subfield>
  </datafield>
  <datafield tag="090" ind1=" " ind2=" ">
    <subfield code="a">6017019</subfield>
    <subfield code="c">6017019</subfield>
  </datafield>
  <datafield tag="100" ind1=" " ind2=" ">
    <subfield code="a">20110829d1976    |||y0rusy50      ca</subfield>
  </datafield>
  <datafield tag="101" ind1="0" ind2=" ">
    <subfield code="a">rus</subfield>
  </datafield>
  <datafield tag="102" ind1=" " ind2=" ">
    <subfield code="a">RU</subfield>
  </datafield>
  <datafield tag="105" ind1=" " ind2=" ">
    <subfield code="a">y   z   |||||</subfield>
  </datafield>
  <datafield tag="200" ind1="1" ind2=" ">
    <subfield code="a">&#x424;&#x438;&#x437;&#x438;&#x43E;&#x43B;&#x43E;&#x433;&#x438;&#x44F; &#x434;&#x432;&#x438;&#x436;&#x435;&#x43D;&#x438;&#x439;</subfield>
  </datafield>
  <datafield tag="210" ind1=" " ind2=" ">
    <subfield code="a">&#x41B;&#x435;&#x43D;&#x438;&#x43D;&#x433;&#x440;&#x430;&#x434;</subfield>
    <subfield code="c">&#x411;. &#x438;.</subfield>
    <subfield code="d">1976</subfield>
  </datafield>
  <datafield tag="710" ind1="0" ind2="2">
    <subfield code="a">&#x410;&#x41D; &#x421;&#x421;&#x421;&#x420;</subfield>
    <subfield code="b">&#x41E;&#x431;&#x44A;&#x435;&#x434;&#x438;&#x43D;&#x435;&#x43D;&#x43D;&#x44B;&#x439; &#x43D;&#x430;&#x443;&#x447;&#x43D;&#x44B;&#x439; &#x441;&#x43E;&#x432;&#x435;&#x442; &#x43F;&#x43E; &#x43A;&#x43E;&#x43C;&#x43F;&#x43B;&#x435;&#x43A;&#x441;&#x43D;&#x43E;&#x439; &#x43F;&#x440;&#x43E;&#x431;&#x43B;&#x435;&#x43C;&#x435; "&#x424;&#x438;&#x437;&#x438;&#x43E;&#x43B;&#x43E;&#x433;&#x438;&#x44F; &#x447;&#x435;&#x43B;&#x43E;&#x432;&#x435;&#x43A;&#x430; &#x438; &#x436;&#x438;&#x432;&#x43E;&#x442;&#x43D;&#x44B;&#x445;"</subfield>
    <subfield code="3">RU\NLR\AUTH\8815188</subfield>
    <subfield code="9">303608</subfield>
  </datafield>
  <datafield tag="801" ind1=" " ind2="0">
    <subfield code="a">RU</subfield>
    <subfield code="b">NLR</subfield>
    <subfield code="g">psbo</subfield>
  </datafield>
  <datafield tag="801" ind1=" " ind2="1">
    <subfield code="a">RU</subfield>
    <subfield code="b">ELAR</subfield>
    <subfield code="2">rusmarc</subfield>
  </datafield>
  <datafield tag="852" ind1=" " ind2=" ">
    <subfield code="a">NLR</subfield>
    <subfield code="j">76-5/5136</subfield>
  </datafield>
  <datafield tag="942" ind1=" " ind2=" ">
    <subfield code="c">BOOK</subfield>
  </datafield>
  <datafield tag="980" ind1=" " ind2=" ">
    <subfield code="a">NB</subfield>
  </datafield>
  <datafield tag="995" ind1=" " ind2=" ">
    <subfield code="5">2013-10-26</subfield>
    <subfield code="b">NLR01</subfield>
    <subfield code="c">NLR01</subfield>
    <subfield code="e">RF91</subfield>
    <subfield code="f">6479330-10</subfield>
    <subfield code="k">76-5/5136</subfield>
    <subfield code="o">0</subfield>
    <subfield code="r">BOOK</subfield>
    <subfield code="s">7655136_</subfield>
  </datafield>
  <datafield tag="995" ind1=" " ind2=" ">
    <subfield code="5">2013-11-29</subfield>
    <subfield code="a">aa</subfield>
    <subfield code="b">NLR01</subfield>
    <subfield code="c">NLR01</subfield>
    <subfield code="e">OZ3</subfield>
    <subfield code="f">1-157968</subfield>
    <subfield code="k">&#x41C;1 &#x415;98/&#x424;-504</subfield>
    <subfield code="o">0</subfield>
    <subfield code="p">369.00</subfield>
    <subfield code="r">BOOK</subfield>
    <subfield code="s">1_98504</subfield>
  </datafield>
</record>
